Plannting materials and planting (Record no. 46424)

MARC details
000 -LEADER
fixed length control field 00309nam a2200109Ia 4500
100 ## - MAIN ENTRY--AUTHOR NAME
Personal name jacob KT
245 #0 - TITLE STATEMENT
Title Plannting materials and planting
260 ## - PUBLICATION, DISTRIBUTION, ETC. (IMPRINT)
Name of publisher All India Rubber Planters' Conference,27 December 1966, Mundakayam
Year of publication 1966
300 ## - PHYSICAL DESCRIPTION
Number of Pages 9p
942 ## - ADDED ENTRY ELEMENTS (KOHA)
Koha item type Reprints
Holdings
Withdrawn status Lost status Damaged status Not for loan Home library Current library Date acquired Koha item type
      Reprints RRII Library RRII Library 22/12/2021 Reprints